000 00731nam a2200289Ia 4500
005 20260324141257.0
008 008 260324s9999 xx 000 0 eng d
020 _a9781315041926
037 _aEBOOK
040 _aCRL
040 _beng
040 _cCRL
041 _2eng
041 _aeng
084 _qCRL
100 _aReginald Melton
_91207587
245 0 _aObjectives, Competencies and Learning Outcomes
245 0 _bDeveloping Instructional Materials in Open and Distance Learning
260 _bTaylor and Francis
260 _c1997
365 _a
365 _b300
856 _uhttp://www.taylorfrancis.com/books/9781315041926
942 _cEBOOK
999 _c1810504
_d1810504